Historia del clero en el tiempo de la Revolución Francesa / escrita en frances por el ab. Barruel ... ; traducida al castellano
Descripción Física:
2 v., 219, 239 p. ; 15 cm
MARC
| LEADER | 00000nam a2200000Ia 4500 | ||
|---|---|---|---|
| 001 | 14602, 14603 | ||
| 008 | 160829s9999 xx 000 0 cat d | ||
| 080 | |a H-2-174, H-2-175 | ||
| 100 | |a Barruel, abbé |9 30000 | ||
| 245 | |a Historia del clero en el tiempo de la Revolución Francesa / escrita en frances por el ab. Barruel ... ; traducida al castellano | ||
| 260 | |a Málaga : |b Yglesias y Martínez, [18 - - ?] | ||
| 300 | |a 2 v., 219, 239 p. ; |c 15 cm | ||
| 650 | |a Església Catòlica |x França |x Història |x S. XVIII |9 30001 | ||
| 650 | |a França |x Història |x 1789/1799, Revolució |9 27752 | ||
| 901 | |a Arxiu | ||
| 942 | |n 1 | ||
| 952 | |0 0 |1 0 |4 0 |6 H2174_H2175 |7 1 |9 45207 |a Arxiu |b Arxiu |d 2016-12-01 |l 0 |o H-2-174, H-2-175 |p 14602, 14603 |r 2016-12-01 00:00:00 |w 2016-12-01 |y ARXIU | ||
| 999 | |c 48279 |d 48279 | ||